000 00449nam a2200157 4500
003 OSt
005 20221121105609.0
008 221117b |||||||| |||| 00| 0 eng d
040 _cBiblioteca Lado V
082 _a750
_bC247b
110 _9478
_aCAPP Street Project
_eautor
245 _aBeatriz Santiago Munoz/
260 _bCalifornia College of the Arts
_c2008
300 _a42p.
_c14x20cm
942 _2ddc
_c1
_h750
_iC247b
_n0
999 _c2703
_d2703